000 00490nam a22001697a 4500
005 20251108174631.0
008 250721s9999 xx 000 0 ara d
082 1 4 _a519.5/يوس
100 1 _aأبو يوسف، محمد
_eمؤلف
245 1 0 _aالإحصاء في البحوث العلمية /
264 1 _aالقاهرة :
_bالمكتبة الأكاديمية،
300 _a643ص.
650 1 7 _aالاحصاا
650 1 7 _aالبحوث
942 _2ddc
_cBK
999 _c114097
_d114097